Etudes d'histoire religieuse / (Record no. 163268)

MARC details
000 -LEADER
campo de control de longitud fija 00790nam a2200217 i 4500
001 - NÚMERO DE CONTROL
campo de control 163268
003 - IDENTIFICADOR DE NÚMERO DE CONTROL
campo de control ES-MaACL
005 - FECHA Y HORA DE LA ÚLTIMA TRANSACCIÓN
campo de control 20250728113741.0
008 - DATOS DE LONGITUD FIJA--INFORMACIÓN GENERAL
campo de control de longitud fija 050713e1862 fr |||| | fre d
040 ## - FUENTE DE CATALOGACIÓN
Centro catalogador/agencia de origen CAM
Lengua de catalogación spa
Centro/agencia transcriptor CAM
080 ## - NÚMERO DE LA CLASIFICACIÓN DECIMAL UNIVERSAL
Número de la Clasificación Decimal Universal 21/29-9
100 1# - ENTRADA PRINCIPAL--NOMBRE DE PERSONA
Nombre de persona Renan, Ernest,
Fechas asociadas al nombre 1823-1892
9 (RLIN) 96168
Término indicativo de función/relación Autor
245 10 - MENCIÓN DEL TÍTULO
Título Etudes d'histoire religieuse /
Mención de responsabilidad, etc. par Ernest Renan.
260 ## - PUBLICACIÓN, DISTRIBUCIÓN, ETC.
Lugar de publicación, distribución, etc. Paris :
Nombre del editor, distribuidor, etc. Michel Lévy Frères,
Fecha de publicación, distribución, etc. 1862
Fabricante (Imp. Simon Raçon et Comp.)
300 ## - DESCRIPCIÓN FÍSICA
Extensión XXVIII, 433 páginas ;
Dimensiones 22 cm.
650 04 - PUNTO DE ACCESO ADICIONAL DE MATERIA--TÉRMINO DE MATERIA
Término de materia o nombre geográfico como elemento de entrada Religiones-
Subdivisión general Historia
9 (RLIN) 16823
852 ## - LOCALIZACIÓN
Ubicación ES-MaACL
Ubicación en estantería Sala Valle Inclán
Anotaciones manuscritas Firma autógrafa de Antonio Aura Boronat, Madrid junio 1871
Donativo/Legado Donativo de Antonio Aura Boronat
Número de control de estantería D-4973
Encuadernación Holandesa
942 ## - ELEMENTOS DE ENTRADA SECUNDARIOS (KOHA)
Fuente del sistema de clasificación o colocación Clasificación decimal universal
Tipo de ítem Koha Libro impreso antiguo
Suprimir en OPAC No
Holdings
Estatus retirado Estado de pérdida Fuente del sistema de clasificación o colocación Estado de daño No para préstamo Colección Biblioteca de origen Biblioteca actual Ubicación en estantería Fecha de adquisición Fuente de adquisición Total de préstamos Signatura topográfica completa Código de barras Visto por última vez Tipo de ítem Koha
    Clasificación decimal universal     Libros del s. XIX Biblioteca del Ateneo de Madrid Biblioteca del Ateneo de Madrid Sala Valle Inclán 17/01/2008 Donación   D-4973 901171088 23/02/2023 Libro impreso antiguo